Humanismo jurídico : (Registro nro. 30967)

Detalles MARC
000 -CABECERA
Longitud fija campo de control 00996nam a2200217 a 4500
003 - • IDENTIFICADOR DELl NÚMERO DE CONTROL
Identificador del número de control CO-ViMGA
008 - • CÓDIGOS DE INFORMACIÓN DE LONGITUD FIJA
Códigos de información de longitud fija 141112s2004 ck r 000 u spa d
020 ## - • NÚMERO INTERNACIONAL NORMALIZADO PARA LIBROS
Número Internacional Normalizado para Libros (ISBN) 9586902544
040 ## - FUENTE DE LA CATALOGACIÓN
Centro catalogador de origen CO-ViMGA
Lengua de catalogación spa
Centro transcriptor CO-ViMGA
082 04 - • NÚMERO DE LA CLASIFICACIÓN DECIMAL DEWEY
Número de clasificación (R) 340.1 A483h
100 1# - • PUNTO DE ACCESO PRINCIPAL-NOMBRE DE PERSONA
Nombre de persona Agudelo Ramírez, Martín
245 10 - • TITULO PROPIAMENTE DICHO
Título Humanismo jurídico :
Resto del título El derecho desde una actitud humanista
300 ## - • DESCRIPCIÓN FÍSICA
Extensión 175
505 ## - • NOTA DE CONTENIDO CON FORMATO
Nota de contenido con formato Aproximación filosófica al humanismo 7 - 52 - - El hombre y el derecho : Hacia un humanismo juridico 63 - 116 - - Filosofia del derecho y sus posibilidades para la reconstruccion de un derecho positivo de cara al hombre 119 - 129 - - Importancia de la hermeneutica juridica en la configuracion de un nuevo humanismo juridico 133 - 157
590 ## - NOTAS LOCALES
Nota local Forma de adquisición : Compra - - Precio : 20.000 - - Proveedor : Dismet - - Fecha de adquisición : 2008
650 14 - • PUNTO DE ACCESO ADICIONAL DE MATERIA - TÉRMINO DE MATERIA
Término de materia o nombre geográfico como elemento inicial FILOSOFIA DEL DERECHO
650 14 - • PUNTO DE ACCESO ADICIONAL DE MATERIA - TÉRMINO DE MATERIA
Término de materia o nombre geográfico como elemento inicial HUMANISMO
942 ## - ENTRADA DE ELEMENTOS AGREGADOS (KOHA)
Fuente de clasificaión o esquema Dewey Decimal Classification
Koha [por defecto] tipo de item LIbro
Existencias
Perdido Fuente de clasificación o esquema Estado Físico No para préstamo Forma de adquisición Localización permanente Localización actual Fecha adquisición Serie de enumeración / cronolog&íacute;a Préstamos totales Signatura completa Código de barras Fecha última consulta Número de copia Fecha del precio de reemplazo Tipo de item de Koha
  Dewey Decimal Classification     Sala Especializada Tercer Piso Biblioteca Pública Germán Arciniegas - Villavicencio Biblioteca Pública Germán Arciniegas - Villavicencio 12/04/2015 Volumen. 1 | 11/jun/2009   340.1 A483h 22667 12/04/2015 Ej. 1 12/04/2015 LIbro









Instituto Departamental de Cultura del Meta - Red Departamental de Bibliotecas Públicas del Meta.